Deutsche Songs mit Zeitangaben im Titel - Statistiken

Allgemein
  • Dieses Quiz wurde 937 mal gespielt
  • Das Durchschnittsergebnis liegt bei 9 aus 18
Antwortstatistiken
Interpret Titel % Korrekt
Nana Mouskouri Guten {Morgen} Sonnenschein
99%
Jürgen von der Lippe Guten {Morgen} liebe Sorgen
83%
Hans Albers Auf der Reeperbahn {nachts} um halb eins
74%
SDP Die Nacht von Freitag auf {Montag}
73%
Rudi Carrell Wann wird's mal wieder richtig {Sommer}
66%
Reinhard Mey Ankomme {Freitag} den 13.
63%
Mark Forster Ü{bermorgen}
58%
Peter Maffay Und es war {Sommer}
56%
Cindy & Bert Immer wieder {sonntags}
53%
Heintje Schneeglöckchen im Februar, Goldregen im {Mai}
50%
Laing {Morgens} immer müde
42%
Rio Reiser {Juni}mond
37%
Miksu/Macloud {Nachts} wach
32%
Element of Crime Am ersten S{onntag} nach dem Weltuntergang
26%
Juli N{ovember}
24%
Comedian Harmonists W{ochenend} und Sonnenschein
19%
Kraftklub Vierter S{eptember}
16%
OK Kid Es ist wieder F{ebruar}
11%
Keine übereinstimmenden Quizze gefunden
Verteilung der Resultate
Anzahl Personen mit jedem Resultat
Perzentil nach korrekt beantworteten Fragen
Ihre Resultats-Entwicklung
Sie haben dieses Quiz noch nicht gespielt